000 00623nam a22002297a 4500
003 UA-OsUOA
001 95977
007 ta
008 20130313b un ||||| |||| 00| 0 ukr d
100 _aИманжанов М.
090 _a821.512.122
_bИ50
942 _cBK
040 _aUA-OsUOA
_brus
_cUA-OsUOA
_dUA-OsUOA
245 _aПервые месяцы
_bповесть
300 _a240 с.
955 _a3
041 _arus
080 _a821.512.122
260 _aМ.
_bСоветский писатель
_c1956
650 7 _a82 Література. Літературознавство
_2UDC
999 _c382223
_d382223